Fundamentals of chemical reaction engineering / (Record no. 18532)

MARC details
000 -LEADER
fixed length control field 01162cam a2200337 i 4500
001 - CONTROL NUMBER
control field 17202038
003 - CONTROL NUMBER IDENTIFIER
control field EG-ScBUE
005 - DATE AND TIME OF LATEST TRANSACTION
control field 20250730084251.0
008 - FIXED-LENGTH DATA ELEMENTS--GENERAL INFORMATION
fixed length control field 120308s2012 txua f 001 0 eng d
020 ## - INTERNATIONAL STANDARD BOOK NUMBER
International Standard Book Number 9780486488554
020 ## - INTERNATIONAL STANDARD BOOK NUMBER
International Standard Book Number 0486488551
040 ## - CATALOGING SOURCE
Original cataloging agency DLC
Language of cataloging eng
Description conventions rda
Transcribing agency DLC
Modifying agency YDX
-- BTCTA
-- YDXCP
-- BDX
-- UKMGB
-- OCLCO
-- DLC
-- EG-ScBUE
082 04 - DEWEY DECIMAL CLASSIFICATION NUMBER
Classification number 541.39
Edition number 22
Item number DAV
100 1# - MAIN ENTRY--PERSONAL NAME
Personal name Davis, Mark E.,
Relator term author.
9 (RLIN) 36403
245 10 - TITLE STATEMENT
Title Fundamentals of chemical reaction engineering /
Statement of responsibility, etc Mark E. Davis, California Institute of Technology, Robert J. Davis, University of Virginia.
250 ## - EDITION STATEMENT
Edition statement Dover edition.
264 #1 - PUBLICATION, DISTRIBUTION, ETC. (IMPRINT)
Place of publication, distribution, etc Mineola ;
-- New York :
Name of publisher, distributor, etc Dover Publications,
Date of publication, distribution, etc 2012.
300 ## - PHYSICAL DESCRIPTION
Extent xvi, 368 pages :
Other physical details illustrations ;
Dimensions 24 cm
336 ## - CONTENT TYPE
Source rdacontent
Content type term text
Content type code txt
337 ## - MEDIA TYPE
Media type term unmediated
Source rdamedia
Media type code n
338 ## - CARRIER TYPE
Carrier type term volume
Carrier type code nc
Source rdacarrier
500 ## - GENERAL NOTE
General note Includes appendix.<br/>
500 ## - GENERAL NOTE
General note Includes index.<br/>
650 #7 - SUBJECT ADDED ENTRY--TOPICAL TERM
Topical term or geographic name as entry element Chemical processes.
9 (RLIN) 5532
Source of heading or term BUEsh
651 ## - SUBJECT ADDED ENTRY--GEOGRAPHIC NAME
Source of heading or term BUEsh
653 ## - INDEX TERM--UNCONTROLLED
Resource For college Engineering, Chemical
Arrived date list November2014
653 ## - INDEX TERM--UNCONTROLLED
Resource For college Engineering, Chemical
Arrived date list September2016
655 ## - INDEX TERM--GENRE/FORM
Form subdivision Reading book
9 (RLIN) 34232
700 1# - ADDED ENTRY--PERSONAL NAME
Personal name Davis, Robert J.,
Relator term author.
9 (RLIN) 36404
942 ## - ADDED ENTRY ELEMENTS (KOHA)
Source of classification or shelving scheme Dewey Decimal Classification
Koha item type Book - Borrowing
Holdings
Withdrawn status Lost status Source of classification or shelving scheme Damaged status Not for loan Collection code Home library Current library Shelving location Date acquired Source of acquisition Total Checkouts Full call number Barcode Date last seen Koha item type Cost, normal purchase price
    Dewey Decimal Classification     Baccah Central Library Central Library First floor 02/11/2014 Purchase   541.39 DAV 000036900 15/07/2025 Book - Borrowing  
    Dewey Decimal Classification     Baccah Central Library Central Library First floor 26/09/2016 Purchase   541.39 DAV 000033702 15/07/2025 Book - Borrowing 360.00
    Dewey Decimal Classification     Baccah Central Library Central Library First floor 26/09/2016 Purchase   541.39 DAV 000033703 15/07/2025 Book - Borrowing 360.00